LEADER 01177nam a2200265 u 4500 001 000000078104 003 CaOOAMICUS 005 20070226123407.0 008 040324s1978 it u000 u ita u 035 $a10988128 040 $aPUL(R)$bita 100 1 $aMagnani, Italo.$0(OLS)http://pul/name/51969 245 10$aEdilizia e sviluppo urbano :$bobiettivi e strumenti dell'intervento pubblico /$cItalo Magnani, Gilberto Muraro. 260 $aBologna :$bIl Mulino,$cc1978. 300 $a264 p. ;$c21 cm 490 1 $aStudi e ricerche ;$v76 504 $aContiene indicazioni bibliografiche. 650 4$aUrbanistica.$0(OLS)http://pul/subject/3430 700 1 $aMuraro, Gilberto.$0(OLS)http://pul/name/51970 830 0$aStudi e ricerche (Il Mulino) ;$v76.$0(OLS)http://pul/title/1250 850 $aPUL 852 $aPUL$W1$xDP1 Cons. Gen., Altre Classi 1$y22$m143 E 54$j100216$nBK-PRI$b $qStampati$B100216$CPULBib$Z2$F100216 $H $81 941 1 $a8 996 $6245$aEdilizia e sviluppo urbano :$bobiettivi e strumenti dell'intervento pubblico$9(OLS)http://pul/title/102362 996 $6260$aBologna :$bIl Mulino$9(OLS)http://pul/publisher/47928 LEADER 01804nam a2200373 a 4500 001 000000156720 003 CaOOAMICUS 005 20161125094848.0 008 161125s2016 it u000 u ita r 020 $a978885489575-1* 032 $aLibriCat 040 $aPUL$bita 082 04$a362.76 100 1 $aPacciolla, Aureliano.$0(OLS)http://pul/name/52795 245 10$aPersonalità, pedofilia e DSM-5 :$bcome i sex offenders raccontano le loro storie /$cAureliano Pacciolla, Mara Romiti, Marianna Pacciolla ; presentazione di Nicolò Marcello D'Angelo ; postfazione Cristina Bresciani, Francesco Catozzella. 260 $aRoma :$bAracne,$c©2016. 300 $a309 p. ;$c21 cm. 490 1 $aA11 504 $aContiene riferimenti bibliografici. 650 4$aPedofilia.$0(OLS)http://pul/subject/27607 700 1 $aCatozzella, Francesco,$d1977-$0(OLS)http://pul/name/64392 700 1 $aD'Angelo, Nicolò Marcello.$0(OLS)http://pul/name/99955 700 1 $aBresciani, Cristina.$0(OLS)http://pul/name/99954 700 1 $aRomiti, Mara.$0(OLS)http://pul/name/99957 700 1 $aPacciolla, Marianna.$0(OLS)http://pul/name/99956 830 0$aA 11. Scienze storiche, filosofiche, pedagogiche e psicologiche (Aracne).$0(OLS)http://pul/title/136508 850 $aPUL 852 $aPUL$W1$xSL Diritto e Scienze Sociali 3$y79$m362. 76 PACAV 1$j180004$qDDC 21$B183127$CPULBib$Z2$F183127 $H128384 $81 941 1 $a9 996 $6020$a978885489575-1*$9(OLS)http://pul/number/161509 996 $6082$a362.76$9(OLS)http://pul/classification/2586 996 $6245$aPersonalità, pedofilia e DSM-5 :$bcome i sex offenders raccontano le loro storie$9(OLS)http://pul/title/196327 996 $6260$aRoma :$bAracne$9(OLS)http://pul/publisher/62189